Statistics for Famous Marches

Click here to take the quiz!

General Stats

  • This quiz has been taken 9 times
  • The average score is 6 of 13

Answer Stats

HintAnswer% Correct
Infamous theme song of Darth VaderImperial March
75%
Date which is a homonym for an instructionMarch 4th
75%
Day on which the spring equinox may fall21 or 22 March
75%
Earliest date on which Easter may fall22 March
75%
A procession of prisoners of warDeath March
75%
Beginning of the basketball season, named for its hectic natureMarch Madness
63%
January 2017 march for the eponymous group's rightsWomen's March
63%
Any of the eponymous characters in Little WomenMeg/Jo/Beth/Amy March
50%
Actor who won an Oscar for his role in Dr Jekyll and Mr HydeFrederic March
38%
Dramatic composition of Pyotr TchaikovskySlavic March
25%
Compact car known in most places as the MicraNissan March
25%
Army Chief of Staff who fought for the U.S. in World War IPeyton Conway March
0%
Racing team which enjoyed success in IndyCar more than in F1March Engineering
0%

Score Distribution

Percentile by Number Answered

Percent of People with Each Score

Your Score History

You have not taken this quiz